[Event "Ì13Ï"]
[Site "Loo"]
[Date "2017.04.22"]
[Round "3.30"]
[White "Ðîìàíîâ, Ìàêñèì."]
[Black "Ñàðêèñÿí, Àðòåì."]
[Result "1-0"]
[WhiteElo "1700"]
[BlackElo "1467"]
[PlyCount "59"]
[EventDate "2017.04.20"]

1. e4 c6 2. d4 d5 3. Nc3 dxe4 4. Nxe4 Bf5 5. Ng3 Bg6 6. h4 h6 7. Nf3 Nd7 8. Bd3
Bxd3 9. Qxd3 Ngf6 10. Bd2 e6 11. O-O-O Bd6 12. Ne4 Nxe4 13. Qxe4 Nf6 14. Qe2
Qc7 15. g3 O-O-O 16. Rhe1 Kb8 17. c4 c5 18. Kb1 Rc8 19. Rc1 cxd4 20. Nxd4 Qb6
21. Nb3 Nd7 22. Be3 Bc5 23. Nxc5 Nxc5 24. Red1 Rhd8 25. Rxd8 Rxd8 26. Rd1 Rxd1+
27. Qxd1 Kc8 28. Qh5 f5 29. Qe8+ Kc7 30. Bf4+ 1-0

[Event "Ì13Ï"]
[Site "Loo"]
[Date "2017.04.22"]
[Round "3.31"]
[White "Áóñûãèí, Êèðèëë."]
[Black "Áàøåâ, Ôåäîð."]
[Result "0-1"]
[WhiteElo "1468"]
[BlackElo "1679"]
[PlyCount "86"]
[EventDate "2017.04.20"]

1. d4 Nf6 2. Bf4 g6 3. Nf3 Bg7 4. h3 d6 5. e3 O-O 6. Be2 Nc6 7. O-O e5 8. dxe5
Ne4 9. c3 dxe5 10. Bh2 Qe7 11. Na3 Rd8 12. Qc2 Bf5 13. Bd3 Ng3 14. Rfd1 Bxd3
15. Rxd3 Rxd3 16. Qxd3 e4 17. Qb5 exf3 18. Bxg3 Rb8 19. gxf3 Be5 20. f4 Bxc3
21. Nc4 Bg7 22. Ne5 Nxe5 23. fxe5 a6 24. Qa5 Rc8 25. Rd1 c5 26. f4 f6 27. exf6
Bxf6 28. Qd2 Kh8 29. Bf2 b5 30. Qc2 Qe6 31. Kg2 Qxa2 32. e4 Qxb2 33. Qxb2 Bxb2
34. e5 c4 35. Bh4 c3 36. Bf6+ Kg8 37. Rd7 c2 38. Rg7+ Kf8 39. Rxh7 c1=Q 40. e6
Qd2+ 41. Kf3 Qd3+ 42. Kf2 Rc2+ 43. Ke1 Qe2# 0-1

[Event "Ì13Ï"]
[Site "Loo"]
[Date "2017.04.22"]
[Round "3.32"]
[White "Ñèäîðîâ, Åãîð."]
[Black "Ëîáîâ, Àëåêñàíäð."]
[Result "1-0"]
[WhiteElo "1662"]
[BlackElo "1447"]
[PlyCount "69"]
[EventDate "2017.04.20"]

1. e4 c5 2. Nf3 d6 3. d4 cxd4 4. Nxd4 Nf6 5. Nc3 g6 6. Be3 Bg7 7. Qd2 O-O 8. f3
Nc6 9. Bc4 Ne5 10. Bb3 Qa5 11. h4 Bd7 12. O-O-O Rfc8 13. Kb1 Nc4 14. Bxc4 Rxc4
15. g4 b5 16. h5 b4 17. Nb3 Qc7 18. Nd5 Nxd5 19. exd5 Rc8 20. Rh2 a5 21. hxg6
fxg6 22. Rdh1 h5 23. Nd4 Rf8 24. gxh5 Bxd4 25. Bxd4 Bf5 26. Qh6 e5 27. hxg6 Qg7
28. Qh7+ Qxh7 29. gxh7+ Bxh7 30. Rg2+ Kh8 31. Bb6 a4 32. Rg6 Rxc2 33. Kxc2 Rf6
34. Rxh7+ Kxh7 35. Rxf6 1-0

[Event "Ì13Ï"]
[Site "Loo"]
[Date "2017.04.22"]
[Round "3.33"]
[White "Òîðîïîâ, Ëåâ."]
[Black "Ìåëüíèêîâ, Âÿ÷åñëàâ."]
[Result "0-1"]
[WhiteElo "1460"]
[BlackElo "1637"]
[PlyCount "148"]
[EventDate "2017.04.20"]

1. e4 c5 2. Nf3 g6 3. d4 cxd4 4. Nxd4 Bg7 5. c4 Nc6 6. Be3 Nf6 7. Nc3 d6 8. Be2
O-O 9. O-O Bd7 10. f3 a6 11. Qd2 Nxd4 12. Bxd4 Be6 13. Rac1 Rc8 14. b3 Nd7 15.
Be3 Re8 16. Rfd1 Qc7 17. Nd5 Bxd5 18. cxd5 Qb8 19. Kh1 Rxc1 20. Rxc1 Rc8 21.
Rc2 Nc5 22. Qc1 Rd8 23. Bxc5 dxc5 24. Rxc5 Be5 25. h3 Bd6 26. Rc4 Qa7 27. Qg1
Qxg1+ 28. Kxg1 Bg3 29. Bd3 e6 30. Rd4 Be5 31. Rb4 exd5 32. Rxb7 dxe4 33. Bc4
exf3 34. gxf3 Rd1+ 35. Kf2 Rd2+ 36. Ke3 Rxa2 37. Rxf7 Kh8 38. Ke4 Bc3 39. Kf4
Ra5 40. Ra7 Rf5+ 41. Kg3 a5 42. Bd3 Rf8 43. h4 Be1+ 44. Kg2 Bxh4 45. Rxa5 Rb8
46. Bc4 Rb7 47. Kh3 Be7 48. Kg4 Kg7 49. Kf4 Bd6+ 50. Ke4 h5 51. Ra6 Bb4 52. Kd5
Rf7 53. Be2 Rf6 54. Ra4 Be1 55. b4 h4 56. b5 h3 57. Ra1 Bg3 58. Rh1 h2 59. Ke4
Re6+ 60. Kd3 Bf4 61. Bf1 Re1 62. Kc4 Kf6 63. Kd5 Kg5 64. b6 Kh4 65. Bg2 Rg1 66.
Ke4 g5 67. b7 Rxg2 68. Rb1 Bb8 69. Rb6 Kh5 70. f4 h1=Q 71. Kf5 Qh3+ 72. Kf6 Rf2
73. Kg7 Qd7+ 74. Kh8 Be5+ 0-1

[Event "Ì13Ï"]
[Site "Loo"]
[Date "2017.04.22"]
[Round "3.34"]
[White "Ëîêòèîíîâ, Êèðèëë."]
[Black "Âàëèóëëèí, Ðàôàýëü."]
[Result "0-1"]
[WhiteElo "1627"]
[BlackElo "1444"]
[PlyCount "86"]
[EventDate "2017.04.20"]

1. d4 Nf6 2. c4 g6 3. Nc3 Bg7 4. e4 d6 5. f3 O-O 6. Be3 c5 7. d5 a6 8. a4 e6 9.
Bd3 exd5 10. cxd5 Re8 11. Nge2 Nbd7 12. O-O Rb8 13. Qd2 Ne5 14. Ng3 Bd7 15. a5
Nxd3 16. Qxd3 Bc8 17. h3 Nd7 18. Bd2 b6 19. axb6 Qxb6 20. Kh1 Qc7 21. Rab1 Nb6
22. f4 Nd7 23. Qc2 Nf6 24. Rbe1 Qb7 25. Bc1 Bd7 26. Qd1 Rf8 27. e5 Ne8 28. Nge4
Qc7 29. f5 Bxf5 30. exd6 Qd7 31. Nxc5 Qc8 32. N3a4 Bxh3 33. Bf4 Rb4 34. Qd2 Rd4
35. Qe3 Bf5 36. Qb3 Qd8 37. g3 Nxd6 38. Nxa6 Be4+ 39. Kg1 Rd3 40. Qb4 Bd4+ 41.
Kh2 Bxd5 42. Bxd6 Qg5 43. Bf4 Qh5# 0-1

[Event "Ì13Ï"]
[Site "Loo"]
[Date "2017.04.22"]
[Round "3.35"]
[White "Åâñòàôüåâ, Ãåîðãèé."]
[Black "Íåëîâêî, Íèêèòà."]
[Result "0-1"]
[WhiteElo "1427"]
[BlackElo "1618"]
[PlyCount "120"]
[EventDate "2017.04.20"]

1. e4 e5 2. Nf3 Nc6 3. Bc4 Bc5 4. c3 Nf6 5. d3 h6 6. a4 a6 7. b4 Bb6 8. Be3 O-O
9. Bxb6 cxb6 10. Nbd2 d5 11. exd5 Nxd5 12. Ne4 Bf5 13. Qc2 Kh8 14. O-O Bg4 15.
Ned2 Nf4 16. Rfe1 Qf6 17. d4 exd4 18. Nxd4 Nxd4 19. cxd4 Bf5 20. Qc3 Rac8 21.
Qe3 Qg5 22. Qg3 Nh3+ 23. gxh3 Qxd2 24. Bd5 Qxd4 25. Bxb7 Rc3 26. Qe5 Qxe5 27.
Rxe5 Bxh3 28. Bxa6 Rc6 29. Re3 Be6 30. Bb5 Rc2 31. Rd3 Bc4 32. Bxc4 Rxc4 33.
Rb1 Ra8 34. Ra3 g6 35. Kg2 Kg7 36. Rb2 Kf6 37. Kf3 Rac8 38. Rbb3 Kf5 39. a5
bxa5 40. bxa5 Rf4+ 41. Kg3 Rcc4 42. Rf3 g5 43. Rxf4+ gxf4+ 44. Kf3 Rc8 45. a6
Kg5 46. a7 Ra8 47. h4+ Kxh4 48. Kxf4 Kh5 49. Kf5 Kh4 50. Kf6 Kg4 51. Kxf7 h5
52. Ke7 h4 53. Kd7 h3 54. Kc6 h2 55. Ra4+ Kh3 56. Ra5 h1=Q+ 57. Kb6 Qb1+ 58.
Kc7 Qc2+ 59. Kb7 Rc8 60. Ra6 Qc7# 0-1

[Event "Ì13Ï"]
[Site "Loo"]
[Date "2017.04.22"]
[Round "3.36"]
[White "Ìîíãóø, Êåæèê."]
[Black "Ïóãèí, Ñòåïàí."]
[Result "1-0"]
[WhiteElo "1594"]
[BlackElo "1425"]
[PlyCount "77"]
[EventDate "2017.04.20"]

1. e4 d5 2. exd5 Qxd5 3. Nc3 Qa5 4. d4 Nf6 5. Nf3 Bg4 6. h3 Bh5 7. g4 Bg6 8.
Ne5 c6 9. Bg2 e6 10. h4 Be4 11. Bxe4 Nxe4 12. Qf3 Nd6 13. Be3 Qd8 14. O-O-O Nd7
15. Ne4 Nf6 16. Nxd6+ Qxd6 17. g5 Qd5 18. gxf6 Qxf3 19. Nxf3 gxf6 20. Rhg1 b5
21. Nd2 a5 22. Ne4 f5 23. Nc5 h6 24. Rg2 O-O-O 25. Bf4 Rd5 26. c3 Be7 27. Nd3
Rhd8 28. Ne5 c5 29. Nc6 R8d7 30. Nxe7+ Rxe7 31. dxc5 Rxd1+ 32. Kxd1 Rd7+ 33.
Kc2 Rd5 34. Bxh6 Rxc5 35. Be3 Rc4 36. h5 Rh4 37. h6 Kd7 38. Rg7 Ke8 39. h7 1-0

[Event "Ì13Ï"]
[Site "Loo"]
[Date "2017.04.22"]
[Round "3.37"]
[White "Äåíèñîâ, Ìèõàèë."]
[Black "Çóðàáÿí, Âàãå."]
[Result "1-0"]
[WhiteElo "1423"]
[BlackElo "1591"]
[PlyCount "91"]
[EventDate "2017.04.20"]

1. e4 e6 2. d4 d5 3. Nc3 Nf6 4. e5 Nfd7 5. f4 a6 6. Nf3 c5 7. Be3 Nc6 8. Qd2
cxd4 9. Nxd4 Bc5 10. Qf2 Qb6 11. O-O-O Nxd4 12. Bxd4 Bxd4 13. Qxd4 Qc7 14. Bd3
b5 15. Kb1 Bb7 16. Rc1 O-O 17. h4 Nb8 18. h5 Nc6 19. Qf2 b4 20. Na4 Na5 21. h6
g6 22. Qh4 Qd8 23. Nc5 Qxh4 24. Rxh4 Rfc8 25. Nd7 Rc7 26. Nf6+ Kh8 27. g4 Nc4
28. Rh2 a5 29. Re1 d4 30. Bxc4 Rxc4 31. b3 Rcc8 32. Rd2 Rd8 33. Rd3 Ba6 34. Rd2
Bb7 35. Ne4 Rd5 36. Nd6 Ba6 37. Red1 f6 38. Rxd4 fxe5 39. Rxd5 exd5 40. fxe5
Be2 41. Re1 Bxg4 42. e6 Kg8 43. e7 Bd7 44. Rf1 a4 45. Rf7 Kh8 46. Rf8+ 1-0

[Event "Ì13Ï"]
[Site "Loo"]
[Date "2017.04.22"]
[Round "3.38"]
[White "Ðûáèí, Ýäóàðä."]
[Black "Êîñòåíêî, Êèðèëë."]
[Result "0-1"]
[WhiteElo "1422"]
[BlackElo "1589"]
[PlyCount "94"]
[EventDate "2017.04.20"]

1. e4 c5 2. Nf3 d6 3. d4 cxd4 4. Nxd4 Nf6 5. Nc3 Nc6 6. Bb5 Bd7 7. O-O g6 8.
Be3 Bg7 9. h3 O-O 10. Re1 Qa5 11. Nxc6 bxc6 12. Bc4 Rfd8 13. Bb3 Bc8 14. Bd2
Qc7 15. Qf3 Bb7 16. Rad1 Rf8 17. Bf4 Nd7 18. h4 Ne5 19. Qg3 Ba6 20. Ne2 Bc4 21.
c3 Bxb3 22. axb3 Nd7 23. Qh3 Nc5 24. Ng3 h5 25. b4 Na4 26. Rb1 a5 27. bxa5 Rxa5
28. b4 Raa8 29. Nxh5 gxh5 30. Re3 e5 31. Bg5 f6 32. Qe6+ Qf7 33. Qxd6 fxg5 34.
Qxc6 Qxf2+ 35. Kh2 Qxe3 36. b5 Qf4+ 37. Kg1 Qf2+ 38. Kh2 Qxh4+ 39. Kg1 g4 40.
b6 g3 41. Qe6+ Kh8 42. Qh3 Qg5 43. b7 Rab8 44. c4 h4 45. Qd7 Qe3+ 46. Kh1 Qf4
47. Rg1 Nc5 0-1

[Event "Ì13Ï"]
[Site "Loo"]
[Date "2017.04.22"]
[Round "3.39"]
[White "Õàíèí, Ìèõàèë."]
[Black "Ìàòóùàê, Íèêèòà."]
[Result "1/2-1/2"]
[WhiteElo "1589"]
[BlackElo "1406"]
[PlyCount "82"]
[EventDate "2017.04.20"]

1. d4 Nf6 2. Nf3 e6 3. Bf4 b6 4. e3 Bb7 5. c4 Bb4+ 6. Nc3 Ne4 7. Qc2 f5 8. Bd3
O-O 9. a3 Bxc3+ 10. bxc3 d6 11. h4 Qe8 12. h5 Nd7 13. h6 g6 14. O-O-O Ndf6 15.
Ng1 e5 16. Bh2 Ng5 17. Bf1 Ng4 18. d5 Ne4 19. Nh3 Nxh6 20. f3 Nf6 21. Ng5 Bc8
22. Bg3 Nf7 23. Bh4 Nh5 24. Nxf7 Qxf7 25. Be2 Nf6 26. Rh2 f4 27. Rdh1 Nh5 28.
e4 a6 29. a4 Bd7 30. Kd2 Rab8 31. Bf2 Qe8 32. Ra1 Rf7 33. a5 b5 34. c5 dxc5 35.
Bxc5 Rd8 36. Ke1 Rg7 37. Qb2 Nf6 38. c4 bxc4 39. Bxc4 Rb8 40. Qa2 Kh8 41. Bxa6
Bb5 1/2-1/2

[Event "Ì13Ï"]
[Site "Loo"]
[Date "2017.04.22"]
[Round "3.40"]
[White "Íèêîëàåâ, Àíäðåé."]
[Black "Çàñïàíîâ, Êîíñòàíòèí."]
[Result "0-1"]
[WhiteElo "1406"]
[BlackElo "1588"]
[PlyCount "92"]
[EventDate "2017.04.20"]

1. d4 Nf6 2. c4 g6 3. Nc3 d5 4. e3 Bg7 5. Nf3 O-O 6. Be2 Bf5 7. O-O b6 8. Qb3
dxc4 9. Bxc4 Nbd7 10. Nh4 Be4 11. Nxe4 Nxe4 12. Bd5 Nd6 13. Bxa8 Qxa8 14. Nf3
c5 15. Bd2 Rd8 16. Bc3 b5 17. a3 a6 18. Rfd1 Qe4 19. dxc5 Nxc5 20. Qd5 Qxd5 21.
Rxd5 Bxc3 22. bxc3 Rc8 23. Rdd1 Nb3 24. Ra2 Rxc3 25. a4 b4 26. h3 Nc5 27. a5 b3
28. Rb2 Nc4 29. Rbb1 Na3 30. Rb2 Na4 31. Re2 b2 32. Ree1 Rc5 33. Nd4 Nc3 34.
Ra1 Nab1 35. Raxb1 Nxb1 36. Nb3 Rc3 37. Rxb1 Rxb3 38. Kf1 Kf8 39. Ke2 Ke8 40.
Kd2 Kd7 41. Kc2 Rb5 42. g4 Kc6 43. f4 Kd5 44. Kd3 Rb3+ 45. Kc2 Rxe3 46. Rxb2
Re2+ 0-1

[Event "Ì13Ï"]
[Site "Loo"]
[Date "2017.04.22"]
[Round "3.41"]
[White "Ãóõìàí, Ñåðãåé."]
[Black "Àâäóøèí, Íèêèòà."]
[Result "1-0"]
[WhiteElo "1580"]
[BlackElo "1262"]
[PlyCount "81"]
[EventDate "2017.04.20"]

1. d4 Nf6 2. c4 e6 3. Nc3 Bb4 4. Qc2 b6 5. e4 Bb7 6. f3 d5 7. e5 Nfd7 8. Be3 c5
9. f4 cxd4 10. Bxd4 Qh4+ 11. g3 Qe7 12. Bg2 Nc6 13. O-O-O dxc4 14. Qa4 Ndb8 15.
Ne4 O-O 16. Nd6 Bxd6 17. exd6 Qd7 18. Bc3 Ba6 19. a3 b5 20. Qc2 Bb7 21. Nf3 f6
22. Rhe1 Nd8 23. g4 a5 24. g5 b4 25. axb4 axb4 26. Bxb4 Ra1+ 27. Kd2 Rxd1+ 28.
Rxd1 Bxf3 29. Bxf3 fxg5 30. Be4 g6 31. Kc1 gxf4 32. Qxc4 Nf7 33. Bc3 Ne5 34.
Qd4 Nbc6 35. Bxc6 Nxc6 36. Qh8+ Kf7 37. Qxh7+ Ke8 38. Qxg6+ Qf7 39. d7+ Kd8 40.
Qg5+ Qe7 41. Ba5+ 1-0

[Event "Ì13Ï"]
[Site "Loo"]
[Date "2017.04.22"]
[Round "3.42"]
[White "Þäèí, Äàíèë."]
[Black "Áðàòîâ, Àäåìèð."]
[Result "1/2-1/2"]
[WhiteElo "1374"]
[BlackElo "1579"]
[PlyCount "81"]
[EventDate "2017.04.20"]

1. e4 e5 2. Nf3 Nc6 3. Nc3 Nf6 4. d4 exd4 5. Nxd4 Bb4 6. Nxc6 bxc6 7. Bd3 O-O
8. O-O d5 9. exd5 cxd5 10. Bg5 c6 11. Ne2 Be7 12. h3 Re8 13. Re1 Qb6 14. Rb1
Bc5 15. Rf1 Ne4 16. Bxe4 dxe4 17. b4 Bf8 18. Be3 Qc7 19. Nd4 Ba6 20. Re1 c5 21.
bxc5 Bxc5 22. Qg4 Bc8 23. Qg5 Bxd4 24. Bxd4 f5 25. c3 Qe7 26. Qxe7 Rxe7 27. a3
Ba6 28. Rb4 Bd3 29. g3 a5 30. Rb2 Rc8 31. Kg2 Kf7 32. Re3 g5 33. Rb6 Re6 34.
Rb7+ Kg6 35. Rg7+ Kh6 36. Rf7 Kg6 37. Rg7+ Kh6 38. Rf7 Kg6 39. Rg7+ Kh6 40. Rf7
Kg6 41. Rg7+ 1/2-1/2

[Event "Ì13Ï"]
[Site "Loo"]
[Date "2017.04.22"]
[Round "3.43"]
[White "Ýêèìîâ, Ïàâåë."]
[Black "Æàâîðîíêîâ, Àëåêñàíäð."]
[Result "0-1"]
[WhiteElo "1346"]
[BlackElo "1572"]
[PlyCount "56"]
[EventDate "2017.04.20"]

1. d4 Nf6 2. Bg5 Ne4 3. h4 d5 4. e3 h6 5. Bf4 c5 6. Bd3 cxd4 7. Bb5+ Bd7 8.
Bxd7+ Nxd7 9. exd4 e6 10. c3 Be7 11. Nf3 Ndf6 12. Nbd2 O-O 13. Nxe4 Nxe4 14. g4
f5 15. g5 hxg5 16. hxg5 Bxg5 17. Nxg5 Nxg5 18. Qh5 Ne4 19. Qh7+ Kf7 20. Rg1 Rg8
21. Bh6 Qf6 22. Rg6 Qxg6 23. Qxg6+ Kxg6 24. Be3 Kf7 25. f3 Nf6 26. O-O-O g5 27.
Rh1 f4 28. Bf2 Rh8 0-1

[Event "Ì13Ï"]
[Site "Loo"]
[Date "2017.04.22"]
[Round "3.44"]
[White "Çûðÿíîâ, Êîíñòàíòèí."]
[Black "Ñàíêóëîâ, Èëüÿ."]
[Result "1-0"]
[WhiteElo "1571"]
[BlackElo "1225"]
[PlyCount "91"]
[EventDate "2017.04.20"]

1. e4 e5 2. Nf3 Nc6 3. d4 d6 4. Bb5 Bd7 5. Bxc6 Bxc6 6. Nc3 Nf6 7. Qd3 exd4 8.
Nxd4 Bd7 9. Bg5 Be7 10. O-O-O Ng4 11. Bxe7 Qxe7 12. Qg3 O-O 13. h3 Nf6 14. Rhe1
Rfe8 15. f3 Nh5 16. Qf2 c6 17. Nde2 Qf6 18. Qd4 Qg5+ 19. Kb1 Qxg2 20. Qxd6 Bxh3
21. Rg1 Qxf3 22. Rd3 Qf6 23. Qxf6 Nxf6 24. Rxh3 Nxe4 25. Nxe4 Rxe4 26. Nc3 Re5
27. Rd3 Re7 28. Kc1 g6 29. Kd2 Kg7 30. Ne2 b6 31. Nd4 Re6 32. Nxe6+ fxe6 33.
Rd7+ Kh6 34. Rh1+ Kg5 35. Rhxh7 Rf8 36. Rhf7 Rh8 37. Rh7 Rf8 38. Rhf7 Rh8 39.
Rh7 Rf8 40. Rdf7 Rd8+ 41. Ke2 a6 42. Rd7 Rc8 43. Rc7 Rf8 44. Rxc6 Rf5 45. Rxe6
Rb5 46. b3 1-0

[Event "Ì13Ï"]
[Site "Loo"]
[Date "2017.04.22"]
[Round "3.45"]
[White "Ñòåïàíîâ, Ïàâåë."]
[Black "Õîëîïîâ, Ðîìàí."]
[Result "1-0"]
[WhiteElo "1559"]
[BlackElo "1199"]
[PlyCount "113"]
[EventDate "2017.04.20"]

1. d4 Nf6 2. c4 c5 3. d5 b5 4. cxb5 a6 5. bxa6 Bxa6 6. g3 d6 7. Bg2 g6 8. Nf3
Bg7 9. O-O O-O 10. Nc3 Nbd7 11. Rb1 Qc7 12. b3 Ng4 13. Bb2 Rfb8 14. h3 Ngf6 15.
Ba1 Qa5 16. Qc2 Rb4 17. Rfd1 Bb7 18. a4 Ne8 19. Na2 Rb6 20. Bxg7 Kxg7 21. Qc3+
Ndf6 22. Qxa5 Rxa5 23. Nc3 Nc7 24. Ne1 Ba6 25. Nc2 Bb7 26. Ne3 Ra8 27. Nc4 Rba6
28. e4 R6a7 29. Rd2 Ba6 30. Bf1 Nd7 31. Rdb2 Bxc4 32. Bxc4 Ne5 33. Be2 Na6 34.
f4 Nd7 35. Kf2 Nb4 36. Na2 Rb7 37. Ke3 Rab8 38. Bb5 Nf6 39. Nxb4 cxb4 40. Rc2
Nh5 41. Kf3 Nf6 42. Rc4 Rxb5 43. axb5 Rxb5 44. Ra1 Nd7 45. Ra4 Nc5 46. Rcxb4
Nxa4 47. Rxb5 Nc5 48. Ke3 Kf6 49. b4 Nd7 50. Rb7 Nf8 51. b5 e6 52. b6 exd5 53.
exd5 h6 54. Rc7 g5 55. b7 gxf4+ 56. gxf4 Ng6 57. b8=Q 1-0

[Event "Ì13Ï"]
[Site "Loo"]
[Date "2017.04.22"]
[Round "3.47"]
[White "Æåðäåâ, Ñâÿòîñëàâ."]
[Black "Ñåðîâ, Àëåêñàíäð."]
[Result "1/2-1/2"]
[WhiteElo "1293"]
[BlackElo "1539"]
[PlyCount "56"]
[EventDate "2017.04.20"]

1. e4 c6 2. d4 d5 3. e5 Bf5 4. h4 h6 5. g4 Bd7 6. h5 Qc8 7. Be2 e6 8. Nf3 c5 9.
c3 Nc6 10. Be3 cxd4 11. cxd4 Bb4+ 12. Bd2 Nge7 13. Bxb4 Nxb4 14. Nc3 a6 15. a3
Nbc6 16. Rc1 b5 17. b4 Qb7 18. Qd3 Nc8 19. Nd2 Nb6 20. Nb3 Nc4 21. Nc5 Qb6 22.
f4 Ne7 23. O-O Nb2 24. Qd2 Nc4 25. Qd3 Nb2 26. Qd2 Nc4 27. Qd3 Nb2 28. Qd2 Nc4
1/2-1/2

[Event "Ì13Ï"]
[Site "Loo"]
[Date "2017.04.22"]
[Round "3.49"]
[White "Ãðîìîâîé, Êèðèëë."]
[Black "Äèêóíîâ, Àðòåì."]
[Result "1-0"]
[WhiteElo "1227"]
[BlackElo "1518"]
[PlyCount "89"]
[EventDate "2017.04.20"]

1. d4 Nf6 2. Nf3 g6 3. Nbd2 d6 4. e4 Bg7 5. c3 c6 6. Bd3 e5 7. O-O Nh5 8. Re1
Nf4 9. Nc4 Nxd3 10. Qxd3 Bg4 11. dxe5 O-O 12. Bg5 Qd7 13. Rad1 h6 14. Bh4 dxe5
15. h3 Qxd3 16. Rxd3 Bxf3 17. Rxf3 g5 18. Bg3 f6 19. Rd1 Rf7 20. Rfd3 Na6 21.
Rd7 Raf8 22. f3 Nc5 23. R7d6 Na4 24. R1d2 Re8 25. Bf2 Bf8 26. Rd7 Ree7 27. Rd8
Kg7 28. Nd6 Kh7 29. Nxf7 Rxf7 30. Bxa7 b6 31. R8d7 Be7 32. Kh1 Kg6 33. Rb7 h5
34. Bxb6 Rf8 35. Ba5 Bc5 36. b3 Ra8 37. Bb4 Be3 38. Re2 Bf4 39. bxa4 Rd8 40.
Re1 Bg3 41. Rf1 Bf4 42. a5 g4 43. c4 g3 44. h4 Be3 45. a6 1-0

[Event "Ì13Ï"]
[Site "Loo"]
[Date "2017.04.22"]
[Round "3.51"]
[White "Øòóðìèí, Åãîð."]
[Black "Èîíî÷êèí, Ìàêñèì."]
[Result "0-1"]
[WhiteElo "1419"]
[BlackElo "1745"]
[PlyCount "100"]
[EventDate "2017.04.20"]

1. e4 c6 2. d4 d5 3. Nc3 dxe4 4. Nxe4 Bf5 5. Ng3 Bg6 6. Nf3 Nd7 7. Bd3 Bxd3 8.
Qxd3 e6 9. Bd2 Ngf6 10. O-O Bd6 11. Ne4 Nxe4 12. Qxe4 Nf6 13. Qe2 O-O 14. c3
Qc7 15. h3 Rfd8 16. Rfe1 Rac8 17. Ne5 h6 18. Nc4 c5 19. Nxd6 Qxd6 20. Be3 c4
21. Qf3 Qd5 22. Qxd5 Nxd5 23. Rad1 Rd6 24. Rd2 Ra6 25. Ra1 Rcc6 26. Rc2 Ra5 27.
a3 Rb6 28. Kf1 Rb3 29. Ke2 Rab5 30. Bc1 Kh7 31. g3 Kg6 32. h4 Kf5 33. Kf3 Ra5
34. Be3 Rab5 35. Bc1 g5 36. hxg5 hxg5 37. Re2 Nb6 38. Ra2 Na4 39. g4+ Kf6 40.
Kg3 Rd5 41. Re3 Kg6 42. Rf3 Rdb5 43. Re3 Nxb2 44. Bxb2 Rxb2 45. Rxb2 Rxb2 46.
Re5 Rb3 47. f3 Rxa3 48. Rb5 b6 49. Rb4 Rxc3 50. Ra4 a5 0-1

[Event "Ì13Ï"]
[Site "Loo"]
[Date "2017.04.22"]
[Round "3.52"]
[White "Òàòàðèíöåâ, Ìèõàèë."]
[Black "Êîíîòîï, Òèìîôåé."]
[Result "1-0"]
[WhiteElo "1690"]
[BlackElo "1397"]
[PlyCount "35"]
[EventDate "2017.04.20"]

1. e4 e5 2. Nf3 Nc6 3. Bb5 a6 4. Ba4 Nf6 5. Qe2 b5 6. Bb3 Bb7 7. c3 Bc5 8. O-O
d6 9. Rd1 Bb6 10. d4 exd4 11. cxd4 O-O 12. e5 dxe5 13. dxe5 Qe7 14. Bg5 h6 15.
Bxf6 gxf6 16. e6 Nd8 17. exf7+ Rxf7 18. Qxe7 1-0

[Event "Ì13Ï"]
[Site "Loo"]
[Date "2017.04.22"]
[Round "3.53"]
[White "Âîëêîâ, Âëàäèñëàâ."]
[Black "Äàíèëèí, Åãîð."]
[Result "1-0"]
[WhiteElo "1649"]
[BlackElo "1309"]
[PlyCount "59"]
[EventDate "2017.04.20"]

1. d4 d5 2. Nf3 e6 3. g3 c5 4. e3 Nc6 5. Bg2 Nf6 6. O-O cxd4 7. exd4 Bd6 8. b3
O-O 9. Bb2 Re8 10. Re1 h6 11. Nbd2 b6 12. c4 Bb4 13. a3 Bxd2 14. Nxd2 Ba6 15.
Rc1 dxc4 16. Bxc6 c3 17. Bxc3 Rc8 18. Bxe8 Nxe8 19. Bb2 Rxc1 20. Qxc1 Nd6 21.
Nc4 Nf5 22. Qf4 Bxc4 23. bxc4 Qc8 24. d5 exd5 25. cxd5 Qd7 26. Qe5 Kh7 27. g4
f6 28. Qxf5+ Qxf5 29. gxf5 a5 30. d6 1-0

[Event "Ì13Ï"]
[Site "Loo"]
[Date "2017.04.22"]
[Round "3.54"]
[White "Íàäâèäîâ, Àðñëàí."]
[Black "Òóêàåâ, Òèìóð."]
[Result "0-1"]
[WhiteElo "1512"]
[BlackElo "1300"]
[PlyCount "118"]
[EventDate "2017.04.20"]

1. e4 d6 2. d4 Nf6 3. Nc3 c6 4. Nf3 Bg4 5. g3 Qc7 6. Bg2 Nbd7 7. h3 Bxf3 8.
Bxf3 e5 9. d5 Be7 10. Be3 O-O 11. O-O Rfe8 12. b3 h6 13. Ne2 Nh7 14. Bg2 Bg5
15. Bxg5 Nxg5 16. h4 Nh7 17. c4 Nhf6 18. f3 c5 19. Bh3 Nf8 20. g4 N6h7 21. Qe1
Qe7 22. Qg3 Ng6 23. h5 Ngf8 24. Kf2 Ng5 25. Rh1 Nfh7 26. Ke3 Nf6 27. Qf2 Rab8
28. Nc3 a6 29. a4 Qc7 30. Bg2 Qb6 31. Qc2 Qc7 32. Rhb1 Rec8 33. Ne2 Re8 34. Kf2
b5 35. axb5 axb5 36. Ra6 Rb6 37. Rba1 Reb8 38. Rxb6 Qxb6 39. Ra2 bxc4 40. bxc4
Ne8 41. Ra3 Nc7 42. Nc1 Na6 43. Nd3 Nb4 44. Nxb4 cxb4+ 45. Re3 Qc5 46. Qb3 f6
47. Ke2 Nf7 48. Rd3 Nd8 49. Rd2 Nb7 50. Rc2 Qb6 51. Bf1 Nc5 52. Qb1 b3 53. Rc3
Qb4 54. Rc1 b2 55. Rc2 Na6 56. Kd3 Qa3+ 57. Kd2 Qa1 58. Qxa1 bxa1=Q 59. Bd3 Rb2
0-1

[Event "Ì13Ï"]
[Site "Loo"]
[Date "2017.04.22"]
[Round "3.55"]
[White "Ãîðáóíîâ, Âëàäèñëàâ."]
[Black "Ñàâèöêèé, Êèðèëë."]
[Result "0-1"]
[WhiteElo "1282"]
[BlackElo "1508"]
[PlyCount "72"]
[EventDate "2017.04.20"]

1. e4 c5 2. Nf3 Nc6 3. d4 cxd4 4. Nxd4 Nf6 5. Nc3 e5 6. Nf3 Bb4 7. Bd3 O-O 8.
O-O d6 9. Bd2 Bg4 10. a3 Ba5 11. b4 Bb6 12. Be2 h6 13. h3 Bxf3 14. Bxf3 Nd4 15.
Nd5 Nxd5 16. exd5 Nxf3+ 17. Qxf3 Rc8 18. Qg4 Qf6 19. c4 Bd4 20. Rac1 Rc7 21.
Rc2 Rfc8 22. Qe2 a6 23. Be3 b5 24. Bxd4 exd4 25. Rfc1 Qf5 26. Rd2 Rxc4 27. Rxc4
Rxc4 28. g4 Rc1+ 29. Kg2 Qxd5+ 30. f3 Qe5 31. Qxe5 dxe5 32. Rd3 Rc2+ 33. Kg3
Rc3 34. Rd2 Rxa3 35. Kf2 Rc3 36. f4 f6 0-1

[Event "Ì13Ï"]
[Site "Loo"]
[Date "2017.04.22"]
[Round "3.56"]
[White "Ãóñåâ, Àëåêñàíäð."]
[Black "Íàëüãèåâ, Ðóñëàí."]
[Result "1-0"]
[WhiteElo "1482"]
[BlackElo "1243"]
[PlyCount "61"]
[EventDate "2017.04.20"]

1. e4 e6 2. d4 d5 3. exd5 exd5 4. Nf3 Bd6 5. Nc3 Nf6 6. Bg5 Be7 7. Bd3 Bg4 8.
Be2 Nc6 9. O-O Ne4 10. Bxe7 Nxe7 11. Ne5 Bf5 12. Nxe4 Bxe4 13. c3 Nc6 14. Nxc6
bxc6 15. Bf3 O-O 16. Bxe4 dxe4 17. Re1 f5 18. f3 Qe7 19. fxe4 fxe4 20. Qe2 Rae8
21. Qc4+ Qf7 22. Qxf7+ Rxf7 23. Rf1 e3 24. Rae1 Rf6 25. g3 Kf7 26. Rxf6+ Kxf6
27. Kg2 Kf5 28. Kf3 Rf8 29. Rxe3 Kg5+ 30. Kg2 Rf7 31. h4+ 1-0

[Event "Ì13Ï"]
[Site "Loo"]
[Date "2017.04.22"]
[Round "3.57"]
[White "Ïëîòíèêîâ, Äàíèèë."]
[Black "Âàðçèåâ, Êîíñòàíòèí."]
[Result "1/2-1/2"]
[WhiteElo "1472"]
[BlackElo "1175"]
[PlyCount "96"]
[EventDate "2017.04.20"]

1. d4 d5 2. c4 e6 3. Nf3 Nf6 4. g3 Be7 5. Bg2 O-O 6. O-O c6 7. Qc2 Nbd7 8. Nc3
h6 9. e4 Nb6 10. cxd5 exd5 11. e5 Nfd7 12. Bf4 Re8 13. e6 fxe6 14. Nb5 e5 15.
dxe5 cxb5 16. e6 Nc5 17. Bxh6 Nxe6 18. Rfe1 Bf6 19. Qg6 Bd7 20. Be3 Re7 21. h4
Qe8 22. Qd3 Nc4 23. Rab1 Nxe3 24. Qxe3 Nd4 25. Qd2 Nxf3+ 26. Bxf3 Bc6 27. Rxe7
Qxe7 28. Bxd5+ Bxd5 29. Qxd5+ Qf7 30. Qxb5 Qxa2 31. Re1 Qf7 32. Kg2 Bd4 33. Re2
Rf8 34. f4 b6 35. h5 Qb7+ 36. Kh2 Qf7 37. Re4 Bc5 38. Qe2 Kh8 39. Re6 a6 40.
Rg6 a5 41. Qe5 Kg8 42. Qg5 Kh8 43. f5 Be7 44. Qg4 Bf6 45. Qe2 Qe8 46. Qd2 Rf7
47. h6 Re7 48. Kh3 Qc8 {äàëåå çàïèñü íåðàçáîð~~èâà} 1/2-1/2

[Event "Ì13Ï"]
[Site "Loo"]
[Date "2017.04.22"]
[Round "3.59"]
[White "Êîëåñíè÷åíêî, Àëåêñåé."]
[Black "Õàéðóëëèí, Àìèð."]
[Result "0-1"]
[WhiteElo "1086"]
[BlackElo "1518"]
[PlyCount "104"]
[EventDate "2017.04.20"]

1. e4 e6 2. d4 d5 3. e5 c5 4. c3 Nc6 5. Nf3 Bd7 6. Be2 f6 7. O-O fxe5 8. dxe5
c4 9. Bf4 Nh6 10. Nd4 Nxd4 11. cxd4 Nf5 12. Be3 Be7 13. Nc3 O-O 14. Bg4 Nxe3
15. fxe3 Rxf1+ 16. Qxf1 Bg5 17. Qe2 Qe7 18. e4 Bc6 19. Rf1 a5 20. Qf3 Rd8 21.
exd5 Bxd5 22. Nxd5 exd5 23. e6 Rf8 24. Qxf8+ Qxf8 25. Rxf8+ Kxf8 26. Bf3 Be3+
27. Kf1 Bxd4 28. Bxd5 b5 29. b3 c3 30. Ke2 b4 31. Kd3 h6 32. Be4 Bg1 33. h3 Ke7
34. Kc4 Kxe6 35. Kb5 Ke5 36. Bb1 Kf4 37. Kxa5 Bc5 38. Kb5 Bf8 39. h4 Ke3 40.
Kc4 Kd2 41. Kd5 c2 42. Bxc2 Kxc2 43. Ke6 Kb2 44. Kf7 Bc5 45. Kxg7 Kxa2 46. Kxh6
Kxb3 47. g4 Kc3 48. g5 Bf8+ 49. Kh7 b3 50. g6 b2 51. Kg8 b1=Q 52. Kxf8 Qxg6 0-1